000 00560nam a2200169Ia 4500
001 137900
003 229981
005 20201025200058.0
008 ||||||n9999 ||| || ||
082 _a307.1
100 _aPedrozo Lobo, Claudia Patricia
_9168683
245 0 _aBurocracia en la oficina asesora de planeación municipal del municipio de Barrancabermeja
562 _e1
650 _aBUROCRACIA--BARRANCABERMEJA (SANTANDER, COLOMBIA)
_9168684
650 _aPLANEACIÓN MUNICIPAL--BARRANCABERMEJA (SANTANDER, COLOMBIA)
_9168685
942 _cTESIS
999 _c137900
_d137900